Direct payment to subcontractors (Record no. 74133)
[ view plain ]
| 000 -LEADER | |
|---|---|
| fixed length control field | 01539cam a2200229 4500 |
| 001 - CONTROL NUMBER | |
| control field | X125066 |
| 008 - FIXED-LENGTH DATA ELEMENTS--GENERAL INFORMATION | |
| fixed length control field | 040205n2004 000 0 eng u |
| 035 ## - SYSTEM CONTROL NUMBER | |
| System control number | (Sirsi) u125066 |
| 100 ## - MAIN ENTRY--PERSONAL NAME | |
| Personal name | Brewer, G. |
| 245 ## - TITLE STATEMENT | |
| Title | Direct payment to subcontractors |
| 260 ## - PUBLICATION, DISTRIBUTION, ETC. | |
| Date of publication, distribution, etc. | 2004 |
| 490 ## - SERIES STATEMENT | |
| Series statement | Contract Journal |
| Volume/sequential designation | 421(6459) 21 January 2004, 22(1) |
| 520 ## - SUMMARY, ETC. | |
| Summary, etc. | "Brican Fabrications Ltd v Merchant City Developments Ltd" (CSIH 17 July 2003, [2003] BLR 512), concerned the direct payment of subcontractors by the employer in the event of the insolvency of the main contractor. Brican (B) maintained that Merchant (M) had undertaken that, in the event of B entering into a subcontract with subcontractor Circle (C), M would make payment direct to it for its work. M claimed it had agreed only to deduct from amounts due to C under the main contract any monies which became due under the subcontract and redirect them to B. The Sheriff Principal's earlier decision was overturned by the CSIH, which held in favour of B. In certain circumstances an employer can bypass the main contractor to make direct payments to a subcontractor. View judgment at www.scotcourts.gov.uk. |
| 650 ## - SUBJECT ADDED ENTRY--TOPICAL TERM | |
| Topical term or geographic name entry element | Insolvency |
| 9 (RLIN) | 6247 |
| 650 ## - SUBJECT ADDED ENTRY--TOPICAL TERM | |
| Topical term or geographic name entry element | BRICAN FABRICATIONS LTD V MERCHANT CITY DEVELOPMENTS LTD |
| 650 ## - SUBJECT ADDED ENTRY--TOPICAL TERM | |
| Topical term or geographic name entry element | SCOTLAND |
| 650 ## - SUBJECT ADDED ENTRY--TOPICAL TERM | |
| Topical term or geographic name entry element | SUBCONTRACTORS |
| 650 ## - SUBJECT ADDED ENTRY--TOPICAL TERM | |
| Topical term or geographic name entry element | DIRECT PAYMENTS |
| 690 ## - LOCAL SUBJECT ADDED ENTRY--TOPICAL TERM (OCLC, RLIN) | |
| Topical term or geographic name as entry element | BUILT ENVIRONMENT-BUILDING CONTRACT FORMS |
| 856 ## - ELECTRONIC LOCATION AND ACCESS | |
| Uniform Resource Identifier | <a href="https://www.scotcourts.gov.uk/opinions/XA131_02.html">https://www.scotcourts.gov.uk/opinions/XA131_02.html</a> |
| Public note | View the judgment on the Scottish Courts website... |
| 942 ## - ADDED ENTRY ELEMENTS (KOHA) | |
| Suppress in OPAC | 0 |
| Withdrawn status | Lost status | Source of classification or shelving scheme | Damaged status | Not for loan | Home library | Current library | Shelving location | Date acquired | Total Checkouts | Full call number | Barcode | Date last seen | Copy number | Price effective from | Koha item type |
|---|---|---|---|---|---|---|---|---|---|---|---|---|---|---|---|
| Dewey Decimal Classification | London | London | Journal article | 05/02/2004 | X125066 | 125066-1001 | 06/08/2019 | 1 | 06/08/2019 | Journal article |